00329nam a2200145Ia 45000030006000000080041000060400015000471000020000622450029000822500006001112600029001173000006001465460014001520050017001660STCL150530s9999 xx 000 0 und d aSTCLcSTCL aKakkanadan,G.V. aEnte priyapetta kathakal a1 bDC Books; Kottayamc2008 a0 aMalayalam20220125171642.0